000
00182 a2200097 4500
020
_a
9780786018291
041
_a
eng
100
_a
Gregg Olsen
245
_a
A wicked snow
942
_c
BK
999
_c
13659
_d
13659